000 00358nam a2200121Ia 4500
008 220620s9999||||xx |||||||||||||| ||und||
245 0 _aAdvances in Speech Recognition
546 _aEnglish[eng]
650 _aMachine learning
700 _aShabtai, Noam
856 _uhttps://mts.intechopen.com/storage/books/3591/authors_book/authors_book.pdf
942 _cEB
999 _c26159
_d26159